00802nam a22002417a 450000500170000001000130001702000260003003500130005603700160006904000120008508200130009724500820011024600060019226000480019827000530024630000200029965000220031965000210034170000280036294200220039099900190041295201290043120170124105911.0 aA-951056 a9788172233143c395.00 aA-951056 bCen Lib/Ret aDPLbEN a030bENQ aEnquire dictionary:c compiled by T. J. S. Georgebideas, issues, innovations b  bHarper Collins Publishers c1998aNew Delhi a7/16, Ansari Road Dariya GanjbNew Delhie110002 a498p.c22cm(Hb) aReligions9105548 aDictionaries964 aGeorge, T. J. S.924249 2ddccENh030mENQ c122524d122524 001040718REFaLbLd2015-05-27eCen Lib/Retg395.00l0o030 ENQpA-951056r2015-05-27 00:00:00t1v395.00w2015-05-27yEN